00378nam a2200133Ia 4500008004100000020001500041041001200056082001600068100001800084245007400102260004300176300000800219650001700227221030s9999 xx 000 0 und d a8173281041 aEnglish a105.23bAgr aA. N. Agrawal 0aIndian Economy : Problems of Development & Planningcby A. N. Agrawal bNew Age InternationalaNew Delhic2001 a744 aBE Economics